AI Artificial Intelligence for Managers (Record no. 60698)
[ view plain ]
| 000 -LEADER | |
|---|---|
| fixed length control field | 00463nam a22001817a 4500 |
| 005 - DATE & TIME | |
| control field | 20260423131129.0 |
| 008 - FIXED-LENGTH DATA ELEMENTS--GENERAL INFORMATION | |
| fixed length control field | 260423b |||||||| |||| 00| 0 eng d |
| 020 ## - ISBN | |
| International Standard Book Number | 9789360533038 |
| Price | 595.00 |
| 040 ## - CATALOGING SOURCE | |
| Original cataloging agency | Doon University |
| 041 ## - Language | |
| Language | English |
| 082 ## - DDC NUMBER | |
| Classification number | 006.3 |
| Book Number | DER |
| 100 ## - MAIN ENTRY--PERSONAL NAME | |
| Personal name | De, Rahul |
| 245 ## - TITLE STATEMENT | |
| Title | AI Artificial Intelligence for Managers |
| 260 ## - PUBLICATION, DISTRIBUTION, ETC. (IMPRINT) | |
| Place of publication, distribution, etc | New Delhi |
| Name of publisher, distributor, etc | Cengage |
| Date of publication, distribution, etc | 2025 |
| 300 ## - PHYSICAL DESCRIPTION | |
| Pages | V.P. |
| 650 ## - Subject | |
| Subject | Commerce (PM USHA) |
| 942 ## - ADDED ENTRY ELEMENTS (KOHA) | |
| Koha item type | Books |
| 100 ## - MAIN ENTRY--PERSONAL NAME | |
| -- | 26703 |
| 650 ## - Subject | |
| -- | 26705 |
| 952 ## - LOCATION AND ITEM INFORMATION (KOHA) | |
| -- | 2026-04-23 |
| 952 ## - LOCATION AND ITEM INFORMATION (KOHA) | |
| -- | 2026-04-23 |
| 952 ## - LOCATION AND ITEM INFORMATION (KOHA) | |
| -- | 2026-04-23 |
| 952 ## - LOCATION AND ITEM INFORMATION (KOHA) | |
| -- | 2026-04-23 |
| 952 ## - LOCATION AND ITEM INFORMATION (KOHA) | |
| -- | 2026-04-23 |
| 952 ## - LOCATION AND ITEM INFORMATION (KOHA) | |
| -- | 2026-04-23 |
| 952 ## - LOCATION AND ITEM INFORMATION (KOHA) | |
| -- | 2026-04-23 |
| 952 ## - LOCATION AND ITEM INFORMATION (KOHA) | |
| -- | 2026-04-23 |
| 952 ## - LOCATION AND ITEM INFORMATION (KOHA) | |
| -- | 2026-04-23 |
| 952 ## - LOCATION AND ITEM INFORMATION (KOHA) | |
| -- | 2026-04-23 |
| Withdrawn status | Lost status | Source of classification or shelving scheme | Damaged status | Not for loan | Location (home branch) | Sublocation or collection (holding branch) | Shelving location | Date acquired | Koha full call number | Accession No. | Koha date last seen | Koha item type | Koha issues (times borrowed) |
|---|---|---|---|---|---|---|---|---|---|---|---|---|---|
| Not For Loan | Doon University | Doon University | Processing Center | 23.04.2026 | 006.3 DER | 32892 | 23.04.2026 | Reference | |||||
| Doon University | Doon University | Processing Center | 23.04.2026 | 006.3 DER | 32893 | 23.04.2026 | Books | ||||||
| Doon University | Doon University | Processing Center | 23.04.2026 | 006.3 DER | 32894 | 23.04.2026 | Books | ||||||
| Doon University | Doon University | Processing Center | 23.04.2026 | 006.3 DER | 32895 | 23.04.2026 | Books | ||||||
| Doon University | Doon University | Processing Center | 23.04.2026 | 006.3 DER | 32896 | 23.04.2026 | Books | ||||||
| Doon University | Doon University | Processing Center | 23.04.2026 | 006.3 DER | 32897 | 23.04.2026 | Books | ||||||
| Doon University | Doon University | Processing Center | 23.04.2026 | 006.3 DER | 32898 | 23.04.2026 | Books | ||||||
| Doon University | Doon University | Processing Center | 23.04.2026 | 006.3 DER | 32899 | 23.04.2026 | Books | ||||||
| Doon University | Doon University | Processing Center | 23.04.2026 | 006.3 DER | 32900 | 23.04.2026 | Books | ||||||
| Doon University | Doon University | Processing Center | 23.04.2026 | 006.3 DER | 32901 | 23.04.2026 | Books |